The Innocence Of Father Brown / (Record no. 167457)

MARC details
000 -LEADER
fixed length control field 00560nam a22001937a 4500
005 - DATE AND TIME OF LATEST TRANSACTION
control field 20190904120144.0
010 ## - LCCN (DPL NO)
LC control number ENG-126407
020 ## - INTERNATIONAL STANDARD BOOK NUMBER
Terms of availability 125.00
International Standard Book Number 978-93-50330-05-0
035 ## - SYSTEM CONTROL NUMBER
System control number EN-109939
037 ## - SOURCE OF ACQUISITION
Source of stock number/acquisition DBAD/PUB
082 ## - DEWEY DECIMAL CLASSIFICATION NUMBER
Classification number N
100 ## - MAIN ENTRY--PERSONAL NAME
Personal name Chesterton,G.K.
245 ## - TITLE STATEMENT
Title The Innocence Of Father Brown /
Statement of responsibility, etc by G.K.Chesterton
260 ## - PUBLICATION, DISTRIBUTION, ETC. (IMPRINT)
Place of publication, distribution, etc Noida
Name of publisher, distributor, etc Maple Press
Date of publication, distribution, etc 2018
270 ## - ADDRESS
City Noida
Address H-205, Sector -63
Postal code 201307
Telephone number (0120)-4267184
Electronic mail address info@maplepress.co.in
Fax number 4267183
300 ## - PHYSICAL DESCRIPTION
Extent 280p.
Dimensions 22cm(pbk)
650 ## - SUBJECT ADDED ENTRY--TOPICAL TERM
Topical term or geographic name as entry element English Novel
942 ## - ADDED ENTRY ELEMENTS (KOHA)
Source of classification or shelving scheme Dewey Decimal Classification
Item type English Books
Classification part N
Call number suffix CHE
Holdings
Withdrawn status Lost status Not for loan Collection code Home library Current library Date acquired Source of acquisition Cost, normal purchase price Full call number Barcode Copy number Cost, replacement price Koha item type
      Fiction D.B.Act.Division Mobile Library 04/09/2019 DBAD/PUB 125.00 N CHE EN-109939 1 125.00 English Books

© Delhi Public Library
Hit Counter
free hit counter